AN ASSESSMENT OF THE EFFECT OF JUST IN TIME ON INVENTORY CONTROL IN MULTINATIONAL ORGANISATIONS (Record no. 215964)

MARC details
000 -LEADER
fixed length control field 00497nam a22001457a 4500
008 - FIXED-LENGTH DATA ELEMENTS--GENERAL INFORMATION
fixed length control field 250728b |||||||| |||| 00| 0 eng d
050 ## - LIBRARY OF CONGRESS CALL NUMBER
Classification number THE HD 40. M87 2015
Item number C. 1
100 ## - MAIN ENTRY--PERSONAL NAME
Personal name MUSA, CHRISTINE KEMUNTO
245 ## - TITLE STATEMENT
Title AN ASSESSMENT OF THE EFFECT OF JUST IN TIME ON INVENTORY CONTROL IN MULTINATIONAL ORGANISATIONS
Remainder of title A CASE STUDT OF KISII BOTTLERS LIMITED
260 ## - PUBLICATION, DISTRIBUTION, ETC.
Place of publication, distribution, etc. KISII
Name of publisher, distributor, etc. KSU
Date of publication, distribution, etc. 2015
300 ## - PHYSICAL DESCRIPTION
Extent X, 35P., ILL:
500 ## - GENERAL NOTE
General note INCLUDES REFERENCES
942 ## - ADDED ENTRY ELEMENTS (KOHA)
Source of classification or shelving scheme Library of Congress Classification
Koha item type Reference
Holdings
Withdrawn status Lost status Source of classification or shelving scheme Damaged status Not for loan Collection Home library Current library Shelving location Date acquired Inventory number Total checkouts Full call number Barcode Date last seen Copy number Price effective from Koha item type
    Library of Congress Classification   Not for loan Science & Technology Kisii University Library Kisii University Library On Display 07/28/2025 84740   THE HD 40. M87 2015 000000020053 07/28/2025 C.1 07/28/2025 Reference